[Event "Reykjavik op"]
[Site "Reykjavik"]
[Date "2024.03.15"]
[Round "1"]
[White "Hallmundarson, Birkir"]
[Black "Eliasson, Kristjan Orn"]
[Result "0-1"]
[WhiteElo "1708"]
[BlackElo "1902"]
[PlyCount "104"]
[EventDate "2024.03.15"]
[EventType "swiss"]
[EventRounds "9"]
[EventCountry "ISL"]
[SourceTitle "CB13_2024"]
[SourceDate "2024.03.27"]
[SourceVersion "1"]
[SourceVersionDate "2024.03.27"]
[SourceQuality "1"]

1. Nf3 d6 2. d4 Nf6 3. Bg5 g6 4. c4 Bg7 5. Nc3 c6 6. e4 Qa5 7. Qd2 e5 8. d5 c5 9. Bd3 h6 10. Bh4 a6 11. 0-0 Nh5 12. Ne2 Qxd2 13. Nxd2 Nf4 14. Nxf4 exf4 15. f3 Bxb2 16. Rab1 Bc3 17. Nb3 Nd7 18. Rfc1 Bg7 19. Bc2 g5 20. Be1 b5 21. Na5 Bd4+ 22. Kf1 b4 23. Ba4 0-0 24. Nc6 Bf6 25. Bf2 a5 26. Ke2 Nb6 27. Bb5 Nd7 28. Ba4 Kg7 29. g3 Ne5 30. gxf4 gxf4 31. Nxe5 Bxe5 32. Rg1+ Kh7 33. h4 Rg8 34. Rxg8 Kxg8 35. Rg1+ Kh7 36. Bc6 Ra7 37. Rb1 f5 38. Rg1 a4 39. Rb1 fxe4 40. Rxb4 e3 41. Rb8 Ba6 42. Be1 Bxc4+ 43. Kd1 Bxa2 44. h5 Bb3+ 45. Kc1 Bc4 46. Bg3 fxg3 47. f4 e2 48. fxe5 e1Q+ 49. Kc2 Qe2+ 50. Kb1 g2 51. Ka1 g1Q+ 52. Rb1 Qxe5# 0-1

[Event "Reykjavik op"]
[Site "Reykjavik"]
[Date "2023.04.03"]
[Round "8"]
[White "Hallmundarson, Birkir"]
[Black "Hipler, Andreas"]
[Result "1-0"]
[WhiteElo "1499"]
[BlackElo "1780"]
[PlyCount "71"]
[EventDate "2023.03.29"]
[EventType "swiss"]
[EventRounds "9"]
[EventCountry "ISL"]
[SourceTitle "EXT 2024"]
[Source "ChessBase"]
[SourceDate "2023.10.10"]
[SourceVersion "1"]
[SourceVersionDate "2023.10.10"]
[SourceQuality "1"]

1. Nf3 d5 2. c4 c6 3. g3 Nf6 4. b3 Bf5 5. Bg2 h6 6. 0-0 e6 7. Bb2 Nbd7 8. Re1 Be7 9. Nc3 0-0 10. d3 e5 11. e4 dxe4 12. dxe4 Bg6 13. Qc2 Qc7 14. Rad1 Rad8 15. a3 a5 16. h4 Bh5 17. Rd2 Nc5 18. Red1 Rxd2 19. Rxd2 Ne6 20. Na4 Bxf3 21. Bxf3 Rd8 22. Rxd8+ Bxd8 23. Qc3 Nd4 24. Kg2 Nxf3 25. Kxf3 Nd7 26. c5 Bf6 27. Bc1 b5 28. cxb6 Nxb6 29. Qxa5 Bd8 30. Qxb6 Qd6 31. Qe3 Qd1+ 32. Kg2 Bxh4 33. gxh4 Qg4+ 34. Qg3 Qxe4+ 35. Kh2 f5 36. Bxh6 1-0

[Event "Reykjavik op"]
[Site "Reykjavik"]
[Date "2023.03.29"]
[Round "1"]
[White "Harnett, Robert"]
[Black "Hallmundarson, Birkir"]
[Result "0-1"]
[WhiteElo "1861"]
[BlackElo "1499"]
[PlyCount "44"]
[EventDate "2023.03.29"]
[EventType "swiss"]
[EventRounds "9"]
[EventCountry "ISL"]
[SourceTitle "CBM 213 Extra"]
[Source "ChessBase"]
[SourceDate "2023.05.31"]
[SourceVersion "1"]
[SourceVersionDate "2023.05.31"]
[SourceQuality "1"]

1. c4 Nf6 2. g3 e6 3. Bg2 d5 4. Nf3 Be7 5. 0-0 0-0 6. d4 b6 7. cxd5 exd5 8. Qc2 Ba6 9. Rd1 Re8 10. Nc3 Bb4 11. e3 c5 12. Bd2 Nc6 13. a3 Bxc3 14. Bxc3 Rc8 15. dxc5 bxc5 16. Bxf6 Qxf6 17. Rxd5 c4 18. Rad1 Rb8 19. Rd6 Rxb2 20. Qa4 Bb5 21. Rxf6 Bxa4 22. Rxc6 Bxc6 0-1

[Event "Reykjavik Kvika op"]
[Site "Reykjavik"]
[Date "2022.04.07"]
[Round "3"]
[White "Hallmundarson, Birkir"]
[Black "Koes, Richard"]
[Result "1-0"]
[WhiteElo "1162"]
[BlackElo "1807"]
[PlyCount "72"]
[EventDate "2022.04.06"]
[EventType "swiss"]
[EventRounds "9"]
[EventCountry "ISL"]
[SourceTitle "CBM 207 Extra"]
[Source "ChessBase"]
[SourceDate "2022.05.31"]
[SourceVersion "1"]
[SourceVersionDate "2022.05.31"]
[SourceQuality "1"]

1. Nf3 Nf6 2. c4 g6 3. d4 c5 4. d5 d6 5. Nc3 Bg7 6. h3 0-0 7. e4 e6 8. Bd3 exd5 9. cxd5 b5 10. 0-0 b4 11. Ne2 a5 12. Ng3 Ba6 13. Bxa6 Rxa6 14. Nd2 Nfd7 15. Qe2 Nb6 16. Nc4 Nxc4 17. Qxc4 Qb6 18. Kh1 Nd7 19. f4 a4 20. Rb1 Ra7 21. f5 Qd8 22. Bf4 Be5 23. Ne2 Bxf4 24. Nxf4 Ne5 25. Qe2 c4 26. Qe3 Rb7 27. Ne2 Qh4 28. Rf4 Qh6 29. Qg3 Nd3 30. Rh4 Qd2 31. Nf4 Nf2+ 32. Kh2 Nxe4 33. Qg4 Nf6 34. Qg5 Nxd5 35. fxg6 f5 36. gxh7+ Kh8 1-0

[Event "Reykjavik Kvika op"]
[Site "Reykjavik"]
[Date "2022.04.06"]
[Round "1"]
[White "Finnsson, Johann Arnar"]
[Black "Hallmundarson, Birkir"]
[Result "1-0"]
[WhiteElo "1805"]
[BlackElo "1162"]
[PlyCount "89"]
[EventDate "2022.04.06"]
[EventType "swiss"]
[EventRounds "9"]
[EventCountry "ISL"]
[SourceTitle "CBM 207 Extra"]
[Source "ChessBase"]
[SourceDate "2022.05.31"]
[SourceVersion "1"]
[SourceVersionDate "2022.05.31"]
[SourceQuality "1"]

1. g3 Nf6 2. Bg2 e5 3. c4 Bc5 4. Nc3 c6 5. d3 d5 6. cxd5 cxd5 7. Nf3 d4 8. Nb1 Nc6 9. Nbd2 0-0 10. 0-0 Bg4 11. Nc4 Bxf3 12. Bxf3 Re8 13. Bg5 h6 14. Bxf6 Qxf6 15. Qb3 Rab8 16. Rac1 Be7 17. Nd2 Qe6 18. Qa4 b5 19. Qb3 Qxb3 20. Nxb3 Nb4 21. a3 Na6 22. Rc6 Rb6 23. Rxb6 axb6 24. Bc6 Rc8 25. Bxb5 Nc5 26. Rc1 f6 27. Nd2 Kf7 28. b4 Ra8 29. bxc5 Bxc5 30. a4 f5 31. Nb3 Bd6 32. Rc6 Ke7 33. Rxb6 Rc8 34. Rc6 Ra8 35. a5 h5 36. a6 f4 37. Rb6 g5 38. Bc6 f3 39. exf3 Rf8 40. a7 h4 41. a8Q Rxa8 42. Bxa8 Ke6 43. Nc5+ Kf5 44. Be4+ Kf6 45. Rxd6+ 1-0

[Event "Gardabaer op"]
[Site "Gardabaer"]
[Date "2021.11.12"]
[Round "5"]
[White "Hallsson, Jon Eggert"]
[Black "Hallmundarson, Birkir"]
[Result "1-0"]
[WhiteElo "1702"]
[BlackElo "1243"]
[PlyCount "45"]
[EventDate "2021.11.11"]
[EventType "swiss"]
[EventRounds "7"]
[EventCountry "ISL"]
[SourceTitle "EXT 2023"]
[Source "ChessBase"]
[SourceDate "2022.10.05"]
[SourceVersion "1"]
[SourceVersionDate "2022.10.05"]
[SourceQuality "1"]

1. d4 Nf6 2. Bf4 c5 3. e3 cxd4 4. exd4 Nc6 5. Nf3 d6 6. Bd3 Bg4 7. c3 a6 8. 0-0 g6 9. Nbd2 Bg7 10. h3 Bxf3 11. Nxf3 0-0 12. Qd2 Nh5 13. Bg5 f6 14. Bh6 Bxh6 15. Qxh6 e5 16. Nh4 Nf4 17. Bc2 Qa5 18. g3 Ne2+ 19. Kh2 Ne7 20. Qd2 Nxd4 21. b4 Qd5 22. cxd4 Nc6 23. Bb3 1-0

[Event "Wch FIDE Online U10 Europe qual"]
[Site "Tornelo INT"]
[Date "2020.12.09"]
[Round "7"]
[White "Hallmundarson, Birkir"]
[Black "Calleja Urry, Nick"]
[Result "1-0"]
[WhiteElo "1136"]
[BlackElo "1106"]
[PlyCount "63"]
[EventDate "2020.12.07"]
[EventType "swiss (rapid)"]
[EventRounds "7"]
[EventCountry "ISS"]
[SourceTitle "EXT 2022"]
[Source "ChessBase"]
[SourceDate "2021.10.06"]
[SourceVersion "1"]
[SourceVersionDate "2021.10.06"]
[SourceQuality "1"]

1. Nf3 d5 2. g3 Bg4 3. Bg2 Nc6 4. 0-0 Nf6 5. d3 e5 6. Bg5 Be7 7. Bxf6 Bxf6 8. e4 dxe4 9. dxe4 Nd4 10. c3 Nxf3+ 11. Bxf3 Bxf3 12. Qxf3 0-0 13. Na3 c5 14. Rad1 Qc7 15. Rd2 a5 16. Rfd1 Bg5 17. Rd7 Qc8 18. Nb5 Qc6 19. a4 Qc8 20. h4 Bd8 21. Qg4 Bb6 22. R1d6 Ra6 23. h5 h6 24. Kg2 Bd8 25. Rxa6 bxa6 26. Nd6 Qc6 27. Nf5 Bf6 28. Rd6 Qxa4 29. Rxf6 g5 30. hxg6 fxg6 31. Qxg6+ Kh8 32. Qg7# 1-0